000
00333nam a2200157Ia 4500
100
_a
Bathe/Klaus Jurgen
250
_a
7
942
_c
BK
654
_a
finite element
245
_a
Finite element procedures
260
_b
Tata Mc Graw hill
_c
1994
082
_a
620.0015
_b
BAT
300
_a
381
546
_a
ENGLISH
999
_c
34596
_d
34596